[Event "SC Klein-Berlin Rheine 1 - SK Münster 2"]
[Site "Regionalliga 2017/2018"]
[Date "2017.09.30"]
[Round "2.2"]
[White "Ottens, Stephan"]
[Black "Meyer, Ulrich"]
[Result "1/2-1/2"]
[WhiteElo "2116"]
[BlackElo "1949"]
[PlyCount "60"]
[EventDate "2017.??.??"]
[SourceTitle "Verband Muensterland"]
[SourceDate "2017.09.15"]
[SourceVersion "1"]
[SourceVersionDate "2017.09.15"]
[SourceQuality "1"]

1. e4 c5 2. Nf3 Nf6 3. Nc3 d5 4. exd5 Nxd5 5. Bb5+ Bd7 6. Bxd7+ Qxd7 7. Nxd5
Qxd5 8. Qe2 e6 9. O-O Bd6 10. c4 Qh5 11. h3 Nc6 12. d4 cxd4 13. Nxd4 Qxe2 14.
Nxe2 Be5 15. Rb1 O-O-O 16. Be3 Rd7 17. b4 Rhd8 18. Rb3 Rd3 19. b5 Rxb3 20. axb3
Nd4 21. Nxd4 Bxd4 22. Re1 b6 23. Kf1 Bc3 24. Rc1 Bb4 25. Ke2 e5 26. Ra1 Kb7 27.
f3 f5 28. Rf1 Rd6 29. Ra1 f4 30. Bc1 Rg6 1/2-1/2

[Event "SC Klein-Berlin Rheine 1 - SK Münster 2"]
[Site "Regionalliga 2017/2018"]
[Date "2017.09.30"]
[Round "2.3"]
[White "Kaufhold, Thomas"]
[Black "Langhanke, Günther"]
[Result "1-0"]
[WhiteElo "2000"]
[BlackElo "1960"]
[PlyCount "69"]
[EventDate "2017.??.??"]
[SourceTitle "Verband Muensterland"]
[SourceDate "2017.09.15"]
[SourceVersion "1"]
[SourceVersionDate "2017.09.15"]
[SourceQuality "1"]

1. d4 d5 2. Nf3 Nf6 3. c4 e6 4. Nc3 Nbd7 5. Bg5 Bb4 6. cxd5 exd5 7. e3 c5 8.
Bd3 Qa5 9. O-O c4 10. Bf5 O-O 11. Qc2 Re8 12. a3 Bxc3 13. bxc3 Ne4 14. Rfb1 b6
15. Rb4 Nxg5 16. Nxg5 g6 17. Bh3 Nf6 18. Bxc8 Rexc8 19. a4 Rc7 20. Rb5 Qa6 21.
Qb2 Qc8 22. a5 bxa5 23. Raxa5 Qd8 24. h3 h6 25. Nf3 Rb7 26. Rxb7 Qxa5 27. Ne5
Rf8 28. f3 Qa6 29. Qb1 Ne8 30. Nd7 Nd6 31. Rb8 Rxb8 32. Qxb8+ Nc8 33. Qc7 Kh7
34. Qd8 Qe6 35. Nf8+ 1-0

[Event "SC Klein-Berlin Rheine 1 - SK Münster 2"]
[Site "Regionalliga 2017/2018"]
[Date "2017.09.30"]
[Round "2.4"]
[White "Henneberger, Sven"]
[Black "Kubo, Thomas"]
[Result "0-1"]
[WhiteElo "2061"]
[BlackElo "1977"]
[PlyCount "118"]
[EventDate "2017.??.??"]
[SourceTitle "Verband Muensterland"]
[SourceDate "2017.09.15"]
[SourceVersion "1"]
[SourceVersionDate "2017.09.15"]
[SourceQuality "1"]

1. b3 d5 2. Bb2 Bf5 3. g3 e6 4. Bg2 Nf6 5. Nf3 h6 6. O-O Be7 7. c4 c6 8. d3
Nbd7 9. Nc3 O-O 10. Re1 Bh7 11. Qc1 a5 12. Ba3 Re8 13. Nd2 Rb8 14. Bxe7 Qxe7
15. h3 Red8 16. Qb2 d4 17. Nce4 e5 18. Rac1 c5 19. Nb1 Ne8 20. g4 Qh4 21. Ng3
Nd6 22. Nd2 f5 23. Nf3 Qe7 24. gxf5 Nxf5 25. Qd2 b6 26. a3 Nh4 27. Bh1 Rf8 28.
Kh2 Rbe8 29. Rf1 e4 30. Nxh4 Qxh4 31. dxe4 Ne5 32. Kg1 Qxh3 33. Bg2 Qg4 34. Qe1
h5 35. f3 Qg6 36. Nf5 Qf6 37. Qg3 Bxf5 38. exf5 Qxf5 39. Bh3 Qg6 40. Kh2 Qxg3+
41. Kxg3 Ng6 42. Rf2 Re3 43. Rb1 Nf4 44. Rb2 g5 45. Bf1 Rfe8 46. Rh2 Kg7 47. b4
Rxa3 48. bxc5 bxc5 49. Rb7+ Kf6 50. Rc7 Re5 51. Rc8 Ra1 52. Rf2 a4 53. Rc6+ Ke7
54. Ra6 a3 55. Rh6 a2 56. e4 dxe3 57. Rb2 Re6 58. Rb7+ Kd6 59. Rb6+ Ke5 0-1

[Event "SC Klein-Berlin Rheine 1 - SK Münster 2"]
[Site "Regionalliga 2017/2018"]
[Date "2017.09.30"]
[Round "2.5"]
[White "Emunds, Hans Georg"]
[Black "Brümmer, Andreas"]
[Result "1-0"]
[WhiteElo "2100"]
[BlackElo "1935"]
[PlyCount "105"]
[EventDate "2017.??.??"]
[SourceTitle "Verband Muensterland"]
[SourceDate "2017.09.15"]
[SourceVersion "1"]
[SourceVersionDate "2017.09.15"]
[SourceQuality "1"]

1. e4 d6 2. d4 Nf6 3. Nc3 e5 4. Nf3 Nbd7 5. Bc4 Be7 6. O-O O-O 7. a4 a5 8. h3
c6 9. Qe2 Qc7 10. Be3 h6 11. Rad1 Re8 12. Ba2 Nf8 13. Qc4 Ne6 14. d5 cxd5 15.
Nxd5 Nxd5 16. exd5 Qxc4 17. Bxc4 Ng5 18. Nxe5 dxe5 19. d6 Bxd6 20. Rxd6 Be6 21.
Bd3 Red8 22. Rxd8+ Rxd8 23. f4 exf4 24. Rxf4 Bxh3 25. Rd4 Rxd4 26. Bxd4 Bd7 27.
b3 Ne6 28. Bb6 Bc6 29. g3 g5 30. Bxa5 h5 31. Bb6 Kg7 32. a5 h4 33. gxh4 gxh4
34. Be3 f6 35. b4 Ng5 36. b5 Bd7 37. c4 Nf3+ 38. Kf2 Ne5 39. Be2 Kg6 40. c5 Bc8
41. c6 Nxc6 42. bxc6 bxc6 43. a6 Kf5 44. a7 Bb7 45. Ba6 Ba8 46. Bc5 Ke5 47. Bc4
Ke4 48. Kg2 Kf4 49. Kh3 Kf3 50. Kxh4 f5 51. Kg5 Ke4 52. Kf6 f4 53. Ke6 1-0

[Event "SC Klein-Berlin Rheine 1 - SK Münster 2"]
[Site "Regionalliga 2017/2018"]
[Date "2017.09.30"]
[Round "2.6"]
[White "Langhans, Jörg"]
[Black "Kamp, Aaron"]
[Result "1-0"]
[WhiteElo "1937"]
[BlackElo "1731"]
[PlyCount "69"]
[EventDate "2017.??.??"]
[SourceTitle "Verband Muensterland"]
[SourceDate "2017.09.15"]
[SourceVersion "1"]
[SourceVersionDate "2017.09.15"]
[SourceQuality "1"]

1. e4 c5 2. Nc3 d6 3. f4 Nc6 4. Nf3 g6 5. Bb5 Bd7 6. O-O Bg7 7. d3 e6 8. Qe1
Nge7 9. Qh4 a6 10. Bxc6 Nxc6 11. Qg3 O-O 12. f5 exf5 13. Qxd6 fxe4 14. Nxe4 b6
15. Nfg5 Bd4+ 16. Kh1 Kg7 17. Nf3 Qe7 18. Qf4 f5 19. Nc3 Rae8 20. Bd2 Be3 21.
Bxe3 Qxe3 22. Qc7 Qe7 23. Nd5 Qf7 24. Nxb6 Re7 25. Nxd7 Nd4 26. Nfe5 Qd5 27.
Qxc5 Qxc5 28. Nxc5 Rxe5 29. Nd7 Rb5 30. Nxf8 Kxf8 31. c3 Nc6 32. b3 Ne5 33. d4
Ng4 34. Rae1 Ra5 35. a4 1-0

[Event "SC Klein-Berlin Rheine 1 - SK Münster 2"]
[Site "Regionalliga 2017/2018"]
[Date "2017.09.30"]
[Round "2.7"]
[White "Stumpe, Danny"]
[Black "Kornick, Ulrich"]
[Result "0-1"]
[WhiteElo "1685"]
[BlackElo "1919"]
[PlyCount "124"]
[EventDate "2017.??.??"]
[SourceTitle "Verband Muensterland"]
[SourceDate "2017.09.15"]
[SourceVersion "1"]
[SourceVersionDate "2017.09.15"]
[SourceQuality "1"]

1. e4 e5 2. Nf3 Nf6 3. Nc3 Bb4 4. d3 d6 5. Be2 h6 6. O-O Be6 7. Bd2 Nbd7 8. Nd5
Bxd2 9. Nxf6+ Qxf6 10. Qxd2 O-O-O 11. Qe3 Kb8 12. b4 Nf8 13. d4 Ng6 14. Rfd1
Nf4 15. Bf1 Bg4 16. dxe5 dxe5 17. Rxd8+ Rxd8 18. Ne1 Qd6 19. h3 Be6 20. Qc3 Qd4
21. Qxd4 Rxd4 22. c3 Rd2 23. Nf3 Rc2 24. Nxe5 Rxc3 25. Rd1 Kc8 26. Rd2 f6 27.
Nf3 Ra3 28. Nd4 Bf7 29. Nf5 b6 30. Nxg7 Rxa2 31. Rd1 Ne2+ 32. Kh2 a5 33. bxa5
bxa5 34. Re1 Nd4 35. f3 a4 36. Re3 Kb7 37. Kg1 Ra1 38. Kf2 a3 39. Rc3 Kb6 40.
Bc4 Bxc4 41. Rxc4 c5 42. Ne8 a2 43. Ra4 Kb5 44. Ra7 Kb4 45. Nxf6 Kb3 46. Nd5
Rb1 47. Rxa2 Kxa2 48. Nc3+ Kb2 49. Nxb1 Kxb1 50. Ke3 Kb2 51. f4 c4 52. Kxd4 c3
53. f5 c2 54. f6 c1=Q 55. Ke5 Qc4 56. Kf5 Kc3 57. Kg6 Qg8+ 58. Kxh6 Kd4 59. g4
Kxe4 60. h4 Ke5 61. g5 Kf5 62. f7 Qg6# 0-1

[Event "SC Klein-Berlin Rheine 1 - SK Münster 2"]
[Site "Regionalliga 2017/2018"]
[Date "2017.09.30"]
[Round "2.8"]
[White "Averkamp-Peters, Jens"]
[Black "Raschke, Wolf-Dieter"]
[Result "1/2-1/2"]
[WhiteElo "1908"]
[BlackElo "1719"]
[PlyCount "49"]
[EventDate "2017.??.??"]
[SourceTitle "Verband Muensterland"]
[SourceDate "2017.09.15"]
[SourceVersion "1"]
[SourceVersionDate "2017.09.15"]
[SourceQuality "1"]

1. e4 e6 2. d4 d5 3. e5 c5 4. c3 Nc6 5. Nf3 Qb6 6. Be2 cxd4 7. cxd4 Nge7 8. Nc3
Nf5 9. Bb5 Bb4 10. Bxc6+ bxc6 11. O-O Bd7 12. Na4 Qb5 13. a3 Be7 14. Nc3 Qc4
15. g4 Nh6 16. h3 c5 17. Be3 cxd4 18. Nxd4 Rb8 19. Qd2 Ng8 20. Rac1 Qa6 21.
Rfe1 h5 22. g5 g6 23. Rc2 Bd8 24. Bf4 Ne7 25. Rec1 1/2-1/2

[Event "Schach Nienberge 1 - SK Bocholt 1"]
[Site "Regionalliga 2017/2018"]
[Date "2017.09.30"]
[Round "2.1"]
[White "Hunhoff, Sebastian"]
[Black "Remmeke, Hans"]
[Result "1/2-1/2"]
[WhiteElo "1951"]
[BlackElo "2124"]
[PlyCount "26"]
[EventDate "2017.??.??"]
[SourceTitle "Verband Muensterland"]
[SourceDate "2017.09.15"]
[SourceVersion "1"]
[SourceVersionDate "2017.09.15"]
[SourceQuality "1"]

1. c4 e5 2. Nc3 Nf6 3. Nf3 Nc6 4. d4 exd4 5. Nxd4 Bb4 6. Bg5 h6 7. Bh4 Bxc3+ 8.
bxc3 O-O 9. f4 Qe7 10. Bxf6 Qxf6 11. g3 d6 12. Bg2 Bd7 13. O-O Na5 1/2-1/2

[Event "Schach Nienberge 1 - SK Bocholt 1"]
[Site "Regionalliga 2017/2018"]
[Date "2017.09.30"]
[Round "2.2"]
[White "Ringwelski, Marius"]
[Black "Naumann, Felix"]
[Result "1/2-1/2"]
[WhiteElo "1937"]
[BlackElo "1882"]
[PlyCount "59"]
[EventDate "2017.??.??"]
[SourceTitle "Verband Muensterland"]
[SourceDate "2017.09.15"]
[SourceVersion "1"]
[SourceVersionDate "2017.09.15"]
[SourceQuality "1"]

1. d4 Nf6 2. c4 e6 3. g3 c5 4. d5 d6 5. Bg2 exd5 6. cxd5 g6 7. Nc3 Bg7 8. Nf3
O-O 9. O-O Re8 10. Nd2 b6 11. a4 Ba6 12. Re1 Nbd7 13. Nb5 Ne5 14. Qb3 Qd7 15.
f4 Neg4 16. Nc4 Bxb5 17. axb5 Ne4 18. Nxb6 Qf5 19. Nxa8 Qh5 20. h3 Nef2 21.
hxg4 Nxg4 22. Ra4 Bd4+ 23. Rxd4 cxd4 24. Qd3 Qh2+ 25. Kf1 Re3 26. Bxe3 dxe3 27.
Rc1 Qxg3 28. Kg1 Qf2+ 29. Kh1 Qh4+ 30. Kg1 1/2-1/2

[Event "Schach Nienberge 1 - SK Bocholt 1"]
[Site "Regionalliga 2017/2018"]
[Date "2017.09.30"]
[Round "2.3"]
[White "Steiner, Karl"]
[Black "Gottkehaskamp, Philipp"]
[Result "0-1"]
[WhiteElo "1926"]
[BlackElo "1972"]
[PlyCount "88"]
[EventDate "2017.??.??"]
[SourceTitle "Verband Muensterland"]
[SourceDate "2017.09.15"]
[SourceVersion "1"]
[SourceVersionDate "2017.09.15"]
[SourceQuality "1"]

1. d4 Nf6 2. c4 g6 3. f3 Bg7 4. e4 O-O 5. Nc3 Nc6 6. Be3 e5 7. Nge2 d6 8. Qd2
Re8 9. O-O-O a6 10. d5 Ne7 11. g4 b5 12. c5 dxc5 13. Bxc5 Nd7 14. Bf2 Bb7 15.
Kb1 Nc8 16. Ng3 Qf6 17. Be2 Ncb6 18. g5 Qd6 19. Bd3 Nc5 20. h4 b4 21. Nce2 Nxd3
22. Qxd3 a5 23. Rc1 Ba6 24. Qd1 Nc4 25. Nf1 c6 26. Nd2 Nxd2+ 27. Qxd2 cxd5 28.
exd5 Bxe2 29. Qxe2 Qxd5 30. Rhd1 Qe6 31. Qe4 Rac8 32. b3 Bf8 33. Be3 a4 34.
Rxc8 Rxc8 35. Rc1 axb3 36. Rxc8 bxa2+ 37. Ka1 Qxc8 38. Kxa2 Qc3 39. Kb1 Qe1+
40. Kc2 Qc3+ 41. Kb1 Bc5 42. Bxc5 Qxc5 43. Qa8+ Kg7 44. Qd8 Qg1+ 0-1

[Event "Schach Nienberge 1 - SK Bocholt 1"]
[Site "Regionalliga 2017/2018"]
[Date "2017.09.30"]
[Round "2.4"]
[White "Althoff, Franz"]
[Black "Hunhoff, Andreas"]
[Result "1-0"]
[WhiteElo "1974"]
[BlackElo "1813"]
[PlyCount "77"]
[EventDate "2017.??.??"]
[SourceTitle "Verband Muensterland"]
[SourceDate "2017.09.15"]
[SourceVersion "1"]
[SourceVersionDate "2017.09.15"]
[SourceQuality "1"]

1. Nf3 f5 2. b3 Nf6 3. Bb2 e6 4. e3 Be7 5. d4 b6 6. Bd3 Bb7 7. Nbd2 O-O 8. Qe2
a5 9. e4 fxe4 10. Nxe4 Nxe4 11. Bxe4 Bxe4 12. Qxe4 Nc6 13. O-O Bf6 14. Ba3 Re8
15. Rad1 d5 16. Qd3 Nb4 17. Qd2 Qd7 18. c3 Nc6 19. Rfe1 b5 20. Bc5 e5 21. dxe5
Nxe5 22. Nd4 c6 23. f4 Ng6 24. Rf1 Qg4 25. Nxc6 Rac8 26. Qxd5+ Kh8 27. Ne5 Bxe5
28. fxe5 Nf4 29. Rxf4 Qxf4 30. e6 Qf6 31. e7 Qxc3 32. Rf1 Rg8 33. Bd4 Qc6 34.
Bxg7+ Kxg7 35. Qg5+ Qg6 36. Qe5+ Kh6 37. Rf6 Rc1+ 38. Kf2 Rc2+ 39. Kf3 1-0

[Event "Schach Nienberge 1 - SK Bocholt 1"]
[Site "Regionalliga 2017/2018"]
[Date "2017.09.30"]
[Round "2.5"]
[White "Böing, Frank"]
[Black "Haas, Kai Markus"]
[Result "1/2-1/2"]
[WhiteElo "1821"]
[BlackElo "1927"]
[PlyCount "43"]
[EventDate "2017.??.??"]
[SourceTitle "Verband Muensterland"]
[SourceDate "2017.09.15"]
[SourceVersion "1"]
[SourceVersionDate "2017.09.15"]
[SourceQuality "1"]

1. d4 d6 2. Nf3 g6 3. Bf4 Bg7 4. e3 Nd7 5. Bc4 h6 6. Nbd2 e5 7. Bg3 Qe7 8. c3
e4 9. Ng1 Ngf6 10. Qb3 O-O 11. h4 Nh5 12. Nf1 Bf6 13. Qc2 Re8 14. Ne2 Nb6 15.
Bb3 a5 16. a3 Nxg3 17. fxg3 h5 18. Nf4 Kg7 19. Qf2 a4 20. Bd1 Ra5 21. Be2 Rh8
22. Nd2 1/2-1/2

[Event "Schach Nienberge 1 - SK Bocholt 1"]
[Site "Regionalliga 2017/2018"]
[Date "2017.09.30"]
[Round "2.6"]
[White "Keller, Dirk"]
[Black "Wüstnienhaus, Andreas"]
[Result "1/2-1/2"]
[WhiteElo "1899"]
[BlackElo "1849"]
[PlyCount "31"]
[EventDate "2017.??.??"]
[SourceTitle "Verband Muensterland"]
[SourceDate "2017.09.15"]
[SourceVersion "1"]
[SourceVersionDate "2017.09.15"]
[SourceQuality "1"]

1. d4 d5 2. Nf3 Nf6 3. c4 c6 4. e3 g6 5. b3 Bg7 6. Bb2 O-O 7. Bd3 Bf5 8. O-O
Ne4 9. Ne1 Nd7 10. g4 Be6 11. f3 Nec5 12. Bc2 dxc4 13. Bc3 cxb3 14. axb3 Na6
15. Ng2 Nb6 16. Nf4 1/2-1/2

[Event "Schach Nienberge 1 - SK Bocholt 1"]
[Site "Regionalliga 2017/2018"]
[Date "2017.09.30"]
[Round "2.8"]
[White "Schäfer, Günter"]
[Black "Bölting, Richard"]
[Result "1/2-1/2"]
[WhiteElo "1855"]
[BlackElo "1500"]
[PlyCount "30"]
[EventDate "2017.??.??"]
[SourceTitle "Verband Muensterland"]
[SourceDate "2017.09.15"]
[SourceVersion "1"]
[SourceVersionDate "2017.09.15"]
[SourceQuality "1"]

1. e4 e5 2. Nc3 Nf6 3. Bc4 Bc5 4. d3 h6 5. Nf3 d6 6. Be3 Bb6 7. O-O O-O 8. Qd2
Bxe3 9. fxe3 c6 10. Bb3 b5 11. a4 b4 12. Ne2 a5 13. Ng3 Be6 14. Bxe6 fxe6 15.
d4 exd4 1/2-1/2